The rayon and synthetic fiber industry of Japan : Supplementary material gathered for the United States Department of State and War Department Textile Mission to Japan, January-March, 1946

में बचाया:
ग्रंथसूची विवरण
मुख्य लेखक: Rose, H. Wickliffe
स्वरूप: पुस्तक
भाषा:Undetermined
प्रकाशित: New York Textile Research Institute 1946
विषय:
टैग : टैग जोड़ें
कोई टैग नहीं, इस रिकॉर्ड को टैग करने वाले पहले व्यक्ति बनें!
Thư viện lưu trữ: Trung tâm Học liệu Trường Đại học Cần Thơ
LEADER 00650nam a2200193Ia 4500
001 CTU_99664
008 210402s9999 xx 000 0 und d
082 |a 338.4 
082 |b R791 
100 |a Rose, H. Wickliffe 
245 4 |a The rayon and synthetic fiber industry of Japan : 
245 0 |b Supplementary material gathered for the United States Department of State and War Department Textile Mission to Japan, January-March, 1946 
245 0 |c H. Wickliffe Rose 
260 |a New York 
260 |b Textile Research Institute 
260 |c 1946 
650 |a Rayon 
904 |i Giang 
980 |a Trung tâm Học liệu Trường Đại học Cần Thơ